| 000 | 00938nam0a22002651 4500 | ||
|---|---|---|---|
| 001 | rc\4397807 | ||
| 005 | 20260406172129.0 | ||
| 021 |
_aRU _bРг1352-64 |
||
| 035 | _a(NLR Aleph) 008296978 | ||
| 090 |
_a8611884 _c8611884 |
||
| 100 | _a20130416d1965 |||y0rusy50 ca | ||
| 101 | 0 | _arus | |
| 102 | _aRU | ||
| 105 | _aa z ||||| | ||
| 200 | 1 | _aДень открытых дверей в вашингтонских лабораториях Национального бюро стандартов | |
| 210 |
_aБ. м. _cБ. и. _d[1965] |
||
| 215 |
_a31 с. _cил. _d23 |
||
| 300 | _aПер. из журн.: "NBS Technical News Bulletin", авг. 1963 | ||
| 300 | _aОтпеч. множит. аппаратом | ||
| 712 | 0 | 1 |
_aСША _bНациональное бюро стандартов _3RU\NLR\AUTH\889939622 _9374098 |
| 801 | 0 |
_aRU _bNLR _gpsbo |
|
| 801 | 1 |
_aRU _bELAR _2rusmarc |
|
| 852 |
_aNLR _j65-6/1925 |
||
| 942 | _cBOOK | ||
| 980 | _aNB | ||